| 000 | 02276cam a22002415a 4500 | ||
|---|---|---|---|
| 001 | L152807 | ||
| 008 | 110504s2010 xxk f 000 0 eng d | ||
| 020 | _a9781907624049 | ||
| 035 | _a(Sirsi) u152807 | ||
| 041 | 0 | _aeng | |
| 100 | 1 | _aAdams, Trevor | |
| 245 | 0 | 0 |
_aBusiness law and practice 2010/2011 _h[electronic resource] |
| 260 |
_aLondon _bCollege of Law _c2010 |
||
| 300 | _aeBook | ||
| 505 | 2 | _a1 Introduction to common forms of business organisation -- 2 Introduction to the company -- 3 Why, and how to, form a company -- 4 The company's constitution -- 5 Members and meetings -- 6 Directors -- 7 The company secretary -- 8 The auditor -- 9 Electronic communication by companies -- 10 Financing a company I Shares -- 11 Financing a company II Debt -- 12 Security for loans: debentures and charges -- 13 The start of a partnership -- 14 The partnership agreement -- 15 Partners' responsibilities -- 16 Liability for the firm's debts -- 17 Dissolution -- 18 Limited liability partnerships -- 19 Corporate insolvency -- 20 Personal insolvency -- 21 Calculation of trading profits of a business -- 22 Taxation of companies I Corporation tax -- 23 Taxation of companies II Special provisions relating to companies -- 24 Taxation of sole traders -- 25 Taxation of partnerships -- 26 Taxation of employees and directors -- 27 Taxation of savings and investment income -- 28 Business reliefs from CGT and IHT available to individuals -- 29 General considerations: liability -- 30 Tax considerations in choice of medium -- 31 Conversion and the immediate implications -- 32 Sale of goods -- 33 Employment and other regulatory concerns in running a business -- 34 Introduction to agency and distribution agreements -- 35 Choosing a marketing agreement -- 36 Competition law -- Appendix 1 Joint ventures -- Appendix 2 The destination in the companies act 2006 of some Commonly-used sections of the Companies act 1985 -- Appendix 3 Company accounts | |
| 590 | _aka | ||
| 651 | 4 | _aENGLAND AND WALES | |
| 690 | _aMANAGEMENT-BUSINESS MANAGEMENT | ||
| 700 | 1 | _aMorris, Christopher | |
| 700 | 1 | _aLongshaw, Alexis | |
| 856 | 4 | 0 |
_uhttps://www.vlebooks.com/ _zView on VLEbooks. Logins for members only from [email protected] |
| 942 | _n0 | ||
| 999 |
_c112217 _d112217 |
||